Natal Law Reports (Record no. 2377)

MARC details
000 -LEADER
fixed length control field 00428nam a22001577a 4500
005 - DATE AND TIME OF INPUT
control field 20240802083426.0
008 - DATA ELEMENTS--GENERAL INFORMATION
fixed length control field 240802b |||||||| |||| 00| 0 eng d
041 ## - LANGUAGE CODE
Language code of text English
082 ## - SHELF NUMBER
DDC number 349 NAT
100 ## - MAIN AUTHOR
Language of a work English
245 ## - TITLE STATEMENT
Title Natal Law Reports
260 ## - PUBLICATION, DISTRIBUTION, ETC.
Place of publication, distribution, etc. Pietermaritzburg:
Name of publisher, distributor, etc. Natal,
Date of publication, distribution, etc. 1880-81
300 ## - PHYSICAL DESCRIPTION
Other physical details xv, 241 pages,
Dimensions 25 cm.
650 ## - SUBJECT`
Broad subject Legal practice
Own subject terms Law
942 ## - ADDED ENTRY ELEMENTS (KOHA)
Item type Books
942 ## - ADDED ENTRY ELEMENTS (KOHA)
-- ALISON_BN_VRIES
Holdings
Source of classification or shelving scheme Volume number (bound volume or other part) Not for loan Collection code Home library Current library Shelving location Date acquired Full call number Barcode Price effective from Koha item type
Dewey Decimal Classification Vol. II   SOUTH AFRICAN LAW REPORTS LAW SOCIETY OF NAMIBIA LIBRARY - WINDHOEK LAW SOCIETY OF NAMIBIA LIBRARY - WINDHOEK Eastern districts local division 08/02/2024 349 NAT LSN/2023/3425 08/02/2024 Books